UCI Cyclocross World Championships - Statistics

General Stats
  • This quiz has been taken 68 times
    49 since last reset
  • The average score is 19 of 24
Answer Stats
Year Rider Country % Correct
2015 Mathieu van der Poel Netherlands
100%
2019 Mathieu van der Poel Netherlands
100%
2020 Mathieu van der Poel Netherlands
100%
2021 Mathieu van der Poel Netherlands
100%
2023 Mathieu van der Poel Netherlands
100%
2016 Wout Van Aert Belgium
100%
2017 Wout Van Aert Belgium
100%
2018 Wout Van Aert Belgium
100%
2022 Tom Pidcock United Kingdom
97%
2010 Zdeněk Štybar Czech Republic
95%
2011 Zdeněk Štybar Czech Republic
95%
2014 Zdeněk Štybar Czech Republic
95%
2005 Sven Nys Belgium
92%
2013 Sven Nys Belgium
92%
2008 Lars Boom Netherlands
62%
2009 Niels Albert Belgium
62%
2012 Niels Albert Belgium
62%
2003 Bart Wellens Belgium
56%
2004 Bart Wellens Belgium
56%
2000 Richard Groenendaal Netherlands
54%
2001 Erwin Vervecken Belgium
38%
2006 Erwin Vervecken Belgium
38%
2007 Erwin Vervecken Belgium
38%
2002 Mario De Clercq Belgium
33%
No matching quizzes found
Score Distribution
Percent of People with Each Score
Percentile by Number Answered
Your Score History
You have not taken this quiz since the last reset